000
00311nam a22001337a 4500
020
_a
1-842-34032-8
082
_a
823
_b
MUL/T
100
_a
MULHERIN, JENNIFER
245
_a
THE TAMING OF THE SHREW
260
_a
SLOUGH
_b
CHERRY TREE PRESS
_c
2001
300
_a
32
650
_a
ENGLISH SHORT STORY
_z
UK
942
_c
BK
999
_c
2647
_d
2647